| 000 | 00395nam a2200145Ia 4500 | ||
|---|---|---|---|
| 008 | 150201s2002 xx 000 0 und d | ||
| 082 |
_a617.601 _bE2002S |
||
| 100 | _aSOBEN PETER | ||
| 245 | _aESSENTIAL OF PREVENTIVE & COMMUNITY DENTISTRY | ||
| 250 | _a1ST | ||
| 260 |
_bARYA PUBLICATION _aDELHI _c2002 |
||
| 300 | _a1-945 | ||
| 650 | _aPREVENTIVE AND COMMUNITY DENTISTRY | ||
| 942 |
_2ddc _cBK _023 |
||
| 999 |
_c3128 _d3128 |
||